| 000 | 01797cam a2200373 i 4500 | ||
|---|---|---|---|
| 001 | 18772548 | ||
| 003 | EG-ScBUE | ||
| 005 | 20211111090626.0 | ||
| 008 | 150904t2016 dcua f b 001 0 eng d | ||
| 020 | _a9780815728153 (pbk. : alk. paper) | ||
| 040 |
_aIEN/DLC _beng _erda _cIEN _dDLC _dEG-ScBUE |
||
| 082 | 0 | 4 |
_a338.96 _bMAD _222 |
| 245 | 0 | 0 |
_aMade in Africa : _blearning to compete in industry / _cCarol Newman [and five others] |
| 264 | 1 |
_aWashington, D.C. : _bBrookings Institution Press, _c[2016] |
|
| 264 | 4 | _cc2016 | |
| 300 |
_axv, 268 pages : _billustrations ; _c23 cm |
||
| 336 |
_atext _2rdacontent _btxt |
||
| 337 |
_aunmediated _2rdamedia _bn |
||
| 338 |
_avolume _2rdacarrier _bnc |
||
| 504 | _aIncludes bibliographical references and index. | ||
| 505 | 0 | _aWhy industry matters for Africa -- Why industry matters for Africa -- Realities and opportunities -- Industrialization efforts and outcomes -- Can Africa break in? -- Learning to compete -- Productivity, exports and competition -- Firm capabilities -- Industrial clusters -- How Africa can industrialize -- A strategy for industrial development -- Dealing with resource abundance -- An agenda for aid -- Afterword: leopards and laggards. | |
| 650 | 7 |
_aIndustrialization _zAfrica. _2BUEsh |
|
| 650 | 7 |
_aIndustrial policy _zAfrica. _2BUEsh |
|
| 650 | 7 |
_aEconomic development _zAfrica _xInternational cooperation. _2BUEsh |
|
| 650 | 7 |
_aInvestments, Foreign _zAfrica. _2BUEsh |
|
| 651 | 7 |
_aAfrica _xEconomic conditions _y1960- _2BUEsh |
|
| 653 |
_bBUSECO _cMay2021 |
||
| 655 |
_vReading book _934232 |
||
| 700 | 1 |
_aNewman, Carol, _d1977- _eauthor. |
|
| 906 |
_a7 _bcbc _corignew _d1 _eecip _f20 _gy-gencatlg |
||
| 942 |
_2ddc _cBB |
||
| 999 |
_c29119 _d29090 |
||